000 00848nam a2200277Ia 4500
001 22083
005 20260320113341.0
008 260320s9999||||xx |||||||||||||| ||und||
022 _a2313268X
041 _aESP
082 _aHR 344 ENE 2026
_bAP
100 _a
_e
110 _aInstituto Pacífico
245 0 _aActualidad penal :
_brevista de derecho penal, procesal penal, penitenciario y criminología
246 _a
_5
_b
260 _aLima :
_bInstituto Pacífico,
_c2026
300 _a316 páginas :
_b
_c25 cm.
_e
440 _a
_n
_v
505 _aNúmero 139 (2026)
650 _aCIS
653 _aDerecho - Revista
654 _aDER
700 _a
_c
856 _uhttps://0u20srvio-y-https-actualidadpenal-pe.itmsp.museknowledge.com/revista-digital/edicion/actualidad-penal-139
_zVersión digital
942 _cREV
_dJUS
_fTRC
_2ddc
_n
999 _c22083
_d22083